Statistics for Polity data set Autocracies of 2018

Click here to take the quiz!

General Stats

  • This quiz has been taken 2 times
  • The average score is 14 of 20

Answer Stats

Answer % Correct
Vietnam
100%
Iran
100%
Uzbekistan
100%
Turkmenistan
100%
Syria
100%
North Korea
100%
Laos
100%
China
100%
Belarus
100%
Kazakhstan
50%
Kuwait
50%
Bahrain
50%
Eritrea
50%
Oman
50%
Qatar
50%
Saudi Arabia
50%
United Arab Emirates
50%
Azerbaijan
50%
eSwatini
0%
Equatorial Guinea
0%

Score Distribution

Percentile by Number Answered

Percent of People with Each Score

Your Score History

You have not taken this quiz